[Event "British Rapidplay"]
[Site "Peterborough"]
[Date "2024.03.03"]
[Round "8"]
[White "Verbytski, Oleg"]
[Black "Dougherty, Michael J"]
[Result "1/2-1/2"]
[WhiteElo "1980"]
[BlackElo "2086"]
[PlyCount "81"]
[EventDate "2024.03.02"]
[EventType "swiss (rapid)"]
[EventRounds "11"]
[EventCountry "ENG"]
[SourceTitle "CB10_2024"]
[SourceDate "2024.03.06"]
[SourceVersion "1"]
[SourceVersionDate "2024.03.06"]
[SourceQuality "1"]

1. e4 g6 2. d4 Bg7 3. Nc3 c5 4. Be3 Qa5 5. Nge2 Nf6 6. f3 cxd4 7. Nxd4 Nc6 8. Qd2 d6 9. Bc4 Nxd4 10. Bxd4 Be6 11. Bb5+ Kf8 12. 0-0 Rc8 13. Be2 h5 14. f4 Nxe4 15. Bxg7+ Kxg7 16. Nxe4 Qxd2 17. Nxd2 Rxc2 18. Rfd1 Rxb2 19. Bf3 Rc8 20. Nb3 Bg4 21. Bxg4 hxg4 22. Rdb1 Rcc2 23. Rxb2 Rxb2 24. Rc1 Rxa2 25. Rc7 b5 26. Rxe7 a5 27. Rb7 a4 28. Rxb5 Rb2 29. Nd4 a3 30. Ra5 a2 31. Nb3 Kf6 32. Nc1 Rb1 33. Rxa2 Rxc1+ 34. Kf2 Rc3 35. Re2 Kf5 36. g3 g5 37. fxg5 Kxg5 38. Rd2 Rf3+ 39. Kg2 Rf6 40. Rd5+ Kg6 41. Rd4 1/2-1/2

[Event "British Rapidplay"]
[Site "Peterborough"]
[Date "2024.03.02"]
[Round "1"]
[White "Dougherty, Michael J"]
[Black "Singha, Swati"]
[Result "1-0"]
[WhiteElo "2086"]
[BlackElo "1737"]
[PlyCount "79"]
[EventDate "2024.03.02"]
[EventType "swiss (rapid)"]
[EventRounds "11"]
[EventCountry "ENG"]
[SourceTitle "CB10_2024"]
[SourceDate "2024.03.06"]
[SourceVersion "1"]
[SourceVersionDate "2024.03.06"]
[SourceQuality "1"]

1. d4 d5 2. Nf3 Nf6 3. Bg5 h6 4. Bxf6 exf6 5. e3 Bg4 6. c4 c6 7. Nc3 Bb4 8. Qb3 Qa5 9. Be2 0-0 10. 0-0 dxc4 11. Qxc4 Bxc3 12. bxc3 Be6 13. Qb4 Qc7 14. a4 a5 15. Qb2 Nd7 16. Rab1 Rab8 17. c4 f5 18. Rbc1 Nf6 19. d5 Bd7 20. Rfd1 c5 21. Qa1 Ne4 22. d6 Qd8 23. Ne5 f6 24. Ng6 Rf7 25. Bh5 Be8 26. Rd5 Nxd6 27. Nf4 Rd7 28. Ne6 Qe7 29. Nxc5 Bxh5 30. Nxd7 Bf7 31. Nxb8 Bxd5 32. cxd5 Qd8 33. Nc6 bxc6 34. dxc6 Qc7 35. Qa2+ Kh7 36. Qe6 Kg6 37. Qd7 Qxd7 38. cxd7 Nf7 39. Rc8 Kg5 40. Rf8 1-0

[Event "British Rapidplay"]
[Site "Peterborough"]
[Date "2024.03.02"]
[Round "2"]
[White "Nezis, Anastasios"]
[Black "Dougherty, Michael J"]
[Result "1/2-1/2"]
[WhiteElo "1940"]
[BlackElo "2086"]
[PlyCount "95"]
[EventDate "2024.03.02"]
[EventType "swiss (rapid)"]
[EventRounds "11"]
[EventCountry "ENG"]
[SourceTitle "CB10_2024"]
[SourceDate "2024.03.06"]
[SourceVersion "1"]
[SourceVersionDate "2024.03.06"]
[SourceQuality "1"]

1. Nf3 g6 2. e4 Bg7 3. d4 d6 4. Be3 Nf6 5. Nc3 c6 6. Qd2 Ng4 7. Bf4 e5 8. dxe5 dxe5 9. Qxd8+ Kxd8 10. Bg3 f6 11. h3 Nh6 12. 0-0-0+ Nd7 13. Bc4 Ke7 14. Ne1 Nf7 15. f3 Bh6+ 16. Kb1 Be3 17. Nd3 Nd6 18. Bb3 Nc5 19. Bf2 Bxf2 20. Nxf2 a5 21. a4 Be6 22. Bxe6 Nxe6 23. Ne2 Rhd8 24. b3 b5 25. axb5 Nxb5 26. Rxd8 Rxd8 27. Rd1 Ned4 28. Nxd4 exd4 29. Kb2 Nc3 30. Ra1 Ra8 31. Nd3 Kd6 32. f4 Nxe4 33. Ra4 c5 34. Rc4 Kd5 35. g4 g5 36. f5 Nd6 37. Rxc5+ Ke4 38. Rc7 h5 39. Re7+ Kf3 40. gxh5 Nxf5 41. Rf7 Ra6 42. Nc5 Rc6 43. Nd7 Kg3 44. Nxf6 Kxh3 45. Ne4 Ne3 46. Nxg5+ Kh4 47. Nf3+ Kxh5 48. Nxd4 1/2-1/2

[Event "WchT Seniors 50"]
[Site "Struga"]
[Date "2023.09.28"]
[Round "9.4"]
[White "Dougherty, Michael J"]
[Black "Jhunjhnuwala, Suresh"]
[Result "1-0"]
[WhiteElo "2062"]
[BlackElo "1850"]
[PlyCount "67"]
[EventDate "2023.09.19"]
[EventType "team-swiss"]
[EventRounds "9"]
[EventCountry "MKD"]
[SourceTitle "EXT 2024"]
[Source "ChessBase"]
[SourceDate "2023.10.10"]
[SourceVersion "1"]
[SourceVersionDate "2023.10.10"]
[SourceQuality "1"]
[WhiteTeam "Canada 50"]
[BlackTeam "United States 5 Brothers 50"]
[WhiteTeamCountry "CAN"]
[BlackTeamCountry "USA"]

1. d4 d5 2. Nf3 g6 3. c4 c6 4. cxd5 cxd5 5. Nc3 Nf6 6. Bf4 a6 7. Rc1 Bg7 8. e3 Nc6 9. h3 Qb6 10. Bd3 0-0 11. 0-0 Bd7 12. Na4 Qd8 13. Nc5 b5 14. a4 Nb4 15. Nxd7 Qxd7 16. Rc7 Qe8 17. axb5 Nxd3 18. Qxd3 Qxb5 19. Qxb5 axb5 20. Rxe7 Rfc8 21. Rb7 Ra5 22. Bd6 Ne4 23. Ba3 Bf8 24. Bxf8 Kxf8 25. Ne5 Rc2 26. Rxf7+ Kg8 27. Rd7 Ra2 28. Nd3 Rd2 29. Rc1 Nd6 30. Rxd6 Kg7 31. Rc3 b4 32. Rb3 h5 33. h4 Kf7 34. Rxd5 1-0

[Event "GBR-ch Major op 109th"]
[Site "Leicester"]
[Date "2023.07.22"]
[Round "1"]
[White "Turner, Lewis A"]
[Black "Dougherty, Michael J"]
[Result "0-1"]
[WhiteElo "1803"]
[BlackElo "2110"]
[PlyCount "76"]
[EventDate "2023.07.22"]
[EventType "swiss"]
[EventRounds "9"]
[EventCountry "ENG"]
[SourceTitle "EXT 2024"]
[Source "ChessBase"]
[SourceDate "2023.10.10"]
[SourceVersion "1"]
[SourceVersionDate "2023.10.10"]
[SourceQuality "1"]

1. e4 c5 2. Nf3 Nc6 3. d4 cxd4 4. Nxd4 g6 5. c4 Bg7 6. Be3 Nf6 7. Nc3 d6 8. Be2 0-0 9. 0-0 Bd7 10. Rc1 Nxd4 11. Bxd4 Bc6 12. Qd3 Nd7 13. Be3 f5 14. exf5 Ne5 15. Qc2 gxf5 16. f4 Ng4 17. Bxg4 fxg4 18. Qe2 Qd7 19. Rcd1 Qf5 20. c5 Rad8 21. cxd6 Rxd6 22. Rxd6 exd6 23. Qc4+ d5 24. Qb3 Kh8 25. Qd1 Qf6 26. Bxa7 d4 27. Ne2 Rd8 28. Qd3 Qe6 29. f5 Qe5 30. a4 Be4 31. Qg3 d3 32. Nc3 Qxg3 33. hxg3 Bxc3 34. bxc3 d2 35. Bd4+ Rxd4 36. cxd4 Bc2 37. d5 d1Q 38. Rxd1 Bxd1 0-1

[Event "Vlissingen HZ op 24th"]
[Site "Vlissingen"]
[Date "2022.08.08"]
[Round "4"]
[White "Kalma, Jildo"]
[Black "Dougherty, Michael J"]
[Result "1-0"]
[WhiteElo "1826"]
[BlackElo "2071"]
[PlyCount "61"]
[EventDate "2022.08.06"]
[EventType "swiss"]
[EventRounds "9"]
[EventCountry "NED"]
[SourceTitle "CBM 209 Extra"]
[Source "ChessBase"]
[SourceDate "2022.09.30"]
[SourceVersion "1"]
[SourceVersionDate "2022.09.30"]
[SourceQuality "1"]

1. d4 g6 2. Nf3 Bg7 3. Nc3 c5 4. d5 d6 5. e4 Nf6 6. Bb5+ Nfd7 7. a4 0-0 8. 0-0 Na6 9. Bf4 Nc7 10. h3 a6 11. Bd3 Rb8 12. Re1 b5 13. axb5 axb5 14. Bf1 b4 15. Na4 Nb6 16. Nxb6 Rxb6 17. Qc1 e6 18. Rd1 exd5 19. exd5 Bf5 20. Bc4 Qf6 21. Ra7 Rc8 22. Re1 Nb5 23. Bxb5 Rxb5 24. Ree7 Ra5 25. Bg5 Qxe7 26. Rxe7 Ra2 27. Qe1 Bxb2 28. Re8+ Kg7 29. Qe7 Rxe8 30. Qxe8 Bxc2 31. Be7 1-0

[Event "Guelph Winter Pro-Am"]
[Site "Guelph"]
[Date "2019.02.02"]
[Round "1.6"]
[White "Dougherty, Michael J"]
[Black "Gaisinsky, Adam"]
[Result "1/2-1/2"]
[WhiteElo "2238"]
[BlackElo "2055"]
[PlyCount "58"]
[EventDate "2019.02.02"]
[EventType "swiss"]
[EventRounds "5"]
[EventCountry "CAN"]
[SourceTitle "EXT 2022"]
[Source "ChessBase"]
[SourceDate "2021.10.06"]
[SourceVersion "1"]
[SourceVersionDate "2021.10.06"]
[SourceQuality "1"]

1. d4 Nf6 2. Nf3 e6 3. Bg5 d5 4. e3 Be7 5. c4 0-0 6. Nc3 b6 7. Qc2 Bb7 8. Bxf6 Bxf6 9. cxd5 exd5 10. Bd3 g6 11. h4 Qe7 12. h5 Nd7 13. hxg6 fxg6 14. 0-0-0 Rfe8 15. Bxg6 hxg6 16. Qxg6+ Bg7 17. Qh7+ Kf8 18. Qf5+ Qf7 19. Qg5 Re6 20. Qg3 Rc6 21. Rh4 Re8 22. Rdh1 Nf6 23. Ne5 Rxe5 24. Qxe5 Qg6 25. Rf4 Qd3 26. Rh3 Ba6 27. e4 Rxc3+ 28. bxc3 Qf1+ 29. Kb2 Qb5+ 1/2-1/2

[Event "Wch Seniors 50 28th"]
[Site "Bled"]
[Date "2018.11.25"]
[Round "7"]
[White "Petran, Peter"]
[Black "Dougherty, Michael J"]
[Result "0-1"]
[WhiteElo "2256"]
[BlackElo "2155"]
[PlyCount "50"]
[EventDate "2018.11.18"]
[EventType "swiss"]
[EventRounds "11"]
[EventCountry "SLO"]
[SourceTitle "CBM 187 Extra"]
[Source "ChessBase"]
[SourceDate "2018.11.04"]
[SourceVersion "1"]
[SourceVersionDate "2018.11.04"]
[SourceQuality "1"]

1. g3 g6 2. Bg2 Bg7 3. c4 e5 4. Nc3 Nc6 5. e3 d6 6. Nge2 Be6 7. d4 exd4 8. exd4 Bxc4 9. d5 Ne5 10. 0-0 Ne7 11. f4 Nd7 12. Rf2 Nf5 13. g4 Nh4 14. Bh1 h5 15. gxh5 Qe7 16. hxg6 0-0-0 17. gxf7 Nc5 18. Ng3 Nd3 19. Qg4+ Kb8 20. Qxg7 Qe1+ 21. Rf1 Nf2 22. Bg2 Nf3+ 23. Bxf3 Bxf1 24. Bd2 Nh3+ 25. Kh1 Be2+ 0-1

[Event "Montreal Pere Noel"]
[Site "Montreal"]
[Date "2017.12.29"]
[Round "3.7"]
[White "Zhong, Kevin"]
[Black "Dougherty, Michael J"]
[Result "1-0"]
[WhiteElo "2080"]
[BlackElo "2234"]
[PlyCount "46"]
[EventDate "2017.12.27"]
[EventType "swiss"]
[EventRounds "5"]
[EventCountry "CAN"]
[SourceTitle "EXT 2022"]
[Source "ChessBase"]
[SourceDate "2021.10.06"]
[SourceVersion "1"]
[SourceVersionDate "2021.10.06"]
[SourceQuality "1"]

1. e4 c6 2. d4 d5 3. exd5 cxd5 4. c4 Nf6 5. Nc3 Nc6 6. Bg5 Be6 7. Be2 Qa5 8. Bf3 0-0-0 9. Bxf6 gxf6 10. cxd5 Bxd5 11. Bxd5 Rxd5 12. Nf3 Rd7 13. 0-0 e6 14. a3 Bh6 15. b4 Qd8 16. Qa4 Kb8 17. Rfd1 a6 18. b5 axb5 19. Qxb5 Qa5 20. Qb3 Rhd8 21. Rab1 Bf8 22. Ne4 Be7 23. Rdc1 Qa6 1-0

[Event "Canadian op"]
[Site "Sault Ste Marie"]
[Date "2017.07.10"]
[Round "3"]
[White "Dougherty, Michael J"]
[Black "Mulyar, Michael A"]
[Result "1/2-1/2"]
[WhiteElo "2204"]
[BlackElo "2395"]
[PlyCount "120"]
[EventDate "2017.07.08"]
[EventType "swiss"]
[EventRounds "9"]
[EventCountry "CAN"]
[SourceTitle "EXT 2018"]
[Source "ChessBase"]
[SourceDate "2017.10.13"]
[SourceVersion "1"]
[SourceVersionDate "2017.10.13"]
[SourceQuality "1"]

1. d4 d5 2. c4 c6 3. Nc3 Nf6 4. cxd5 cxd5 5. Bf4 Nc6 6. e3 Bf5 7. Nf3 e6 8. Bb5 Nd7 9. 0-0 Be7 10. h3 0-0 11. Rc1 Rc8 12. a3 a6 13. Bd3 Bxd3 14. Qxd3 Nb6 15. Nd2 Na5 16. e4 dxe4 17. Ncxe4 Nd5 18. Bg3 Nf6 19. b4 Nc6 20. Nf3 Nxe4 21. Qxe4 Qd7 22. Ne5 Nxe5 23. dxe5 Rxc1 24. Rxc1 Rc8 25. Rxc8+ Qxc8 26. Bf4 h6 27. Be3 Qd7 28. Bc5 Bxc5 29. bxc5 Qd1+ 30. Kh2 Qb3 31. a4 Qb2 32. f4 a5 33. c6 bxc6 34. Qxc6 Qb4 35. Qe8+ Kh7 36. Qxf7 Qxa4 37. h4 Qe4 38. Qxe6 Qxf4+ 39. g3 Qf2+ 40. Kh3 Qf1+ 41. Kh2 Qe2+ 42. Kh3 Qe4 43. Qd6 a4 44. e6 Qh1+ 45. Kg4 Qe4+ 46. Kh3 h5 47. Kh2 Qe2+ 48. Kh3 Qf3 49. Kh2 Qf2+ 50. Kh3 Qf1+ 51. Kh2 Qf2+ 52. Kh3 Qg1 53. Qd3+ Kh6 54. Qd2+ Kh7 55. Qd3+ g6 56. Qd7+ Kh6 57. Qd2+ Kg7 58. Qc3+ Kg8 59. Qc8+ Kg7 60. Qc3+ Kg8 1/2-1/2

[Event "Canadian op"]
[Site "Sault Ste Marie"]
[Date "2017.07.08"]
[Round "1"]
[White "Dougherty, Michael J"]
[Black "Lenderman, Aleksandr"]
[Result "0-1"]
[WhiteElo "2204"]
[BlackElo "2585"]
[PlyCount "44"]
[EventDate "2017.07.08"]
[EventType "swiss"]
[EventRounds "9"]
[EventCountry "CAN"]
[SourceTitle "EXT 2018"]
[Source "ChessBase"]
[SourceDate "2017.10.13"]
[SourceVersion "1"]
[SourceVersionDate "2017.10.13"]
[SourceQuality "1"]

1. d4 Nf6 2. c4 e6 3. Nc3 Bb4 4. Nf3 b6 5. g3 Bxc3+ 6. bxc3 Bb7 7. Bg2 0-0 8. 0-0 d6 9. Nh4 Bxg2 10. Nxg2 Qc8 11. f3 Qa6 12. Qb3 Nc6 13. e4 Na5 14. Qb5 Qxb5 15. cxb5 a6 16. a4 Nc4 17. Bg5 Nd7 18. Ne3 axb5 19. axb5 Na3 20. e5 Nxb5 21. exd6 f6 22. c4 Nxd4 0-1